| 000 | 00655nam a2200241Ia 4500 | ||
|---|---|---|---|
| 003 | OSt | ||
| 005 | 20230602093059.0 | ||
| 008 | 210423s2016 xx 000 0 und d | ||
| 020 | _a978-93-83728-41-1 | ||
| 040 | _cAL | ||
| 041 | _aeng | ||
| 082 | _a364.15 GUPW | ||
| 100 |
_aGUPTA (B L) _9118492 |
||
| 245 | _aWomen and child trafficking and social work Vol 2 | ||
| 260 |
_aJaipur _bGalaxy book company _c2016 |
||
| 300 |
_av,272 _bHB |
||
| 365 |
_b1250 _cINR |
||
| 440 | _v2 | ||
| 650 |
_aCriminology _9118493 |
||
| 650 |
_aSocial Problems & Services _9118494 |
||
| 906 | _achild ; social ; trafficking ; Vol ; Women ; work | ||
| 942 |
_2ddc _cBK |
||
| 999 |
_c176429 _d176429 |
||